[Event "POL-chT 2nd League"]
[Site "Jastrzebia Gora"]
[Date "2023.09.06"]
[Round "5.21"]
[White "Maciaga, Marcin"]
[Black "Grajczak, Adrian"]
[Result "1-0"]
[WhiteElo "2123"]
[BlackElo "1858"]
[PlyCount "115"]
[EventDate "2023.09.02"]
[EventType "team-swiss"]
[EventRounds "9"]
[EventCountry "POL"]
[SourceTitle "EXT 2024"]
[Source "ChessBase"]
[SourceDate "2023.10.10"]
[SourceVersion "1"]
[SourceVersionDate "2023.10.10"]
[SourceQuality "1"]
[WhiteTeam "Zielonka Zieloni"]
[BlackTeam "Lipusz WDA"]
[WhiteTeamCountry "POL"]
[BlackTeamCountry "POL"]

1. c4 Nf6 2. Nf3 g6 3. g3 Bg7 4. Bg2 0-0 5. 0-0 d6 6. Nc3 e5 7. d3 c6 8. Rb1 a5 9. a3 Re8 10. e4 h6 11. h3 Na6 12. Be3 Be6 13. b4 axb4 14. axb4 Nd7 15. Qe2 Nc7 16. b5 Nc5 17. Rfc1 Qd7 18. Kh2 Kh7 19. Nxe5 Bxe5 20. d4 Na4 21. Nxa4 Rxa4 22. dxe5 dxe5 23. Rb2 Rea8 24. Rd2 Qe7 25. f4 Qa3 26. Rd3 Qa2 27. Qxa2 Rxa2 28. Bb6 Ne8 29. bxc6 bxc6 30. fxe5 Re2 31. Re3 Rd2 32. Kg1 Raa2 33. Bf1 g5 34. Rf3 g4 35. hxg4 Kg6 36. Be3 Rdc2 37. Rxc2 Rxc2 38. Bd3 Ra2 39. Rf2 Ra3 40. Rd2 Bxg4 41. Kf2 Be6 42. Be2 Ra8 43. Rd1 h5 44. Bf4 Ra2 45. Rd2 Rxd2 46. Bxd2 f6 47. Bc3 fxe5 48. Bxe5 Nf6 49. Ke3 Nd7 50. Bd6 Kg5 51. c5 Nf6 52. Be7 Kg6 53. Bxf6 Kxf6 54. Bxh5 Bb3 55. Kf4 Ke6 56. g4 Bd1 57. Bg6 Kf6 58. Bf5 1-0

[Event "POL-chT 1st League"]
[Site "Sypniewo"]
[Date "2022.09.11"]
[Round "9.11"]
[White "Bardeli, Lukasz"]
[Black "Maciaga, Marcin"]
[Result "1/2-1/2"]
[WhiteElo "2157"]
[BlackElo "2119"]
[PlyCount "163"]
[EventDate "2022.09.03"]
[EventType "team-swiss"]
[EventRounds "9"]
[EventCountry "POL"]
[SourceTitle "CBM 210 Extra"]
[Source "ChessBase"]
[SourceDate "2022.11.30"]
[SourceVersion "1"]
[SourceVersionDate "2022.11.30"]
[SourceQuality "1"]
[WhiteTeam "Chrobry Gniezno"]
[BlackTeam "Zielonka Zieloni"]
[WhiteTeamCountry "POL"]
[BlackTeamCountry "POL"]

1. Nf3 d6 2. d4 f5 3. g3 Nf6 4. Bg2 g6 5. 0-0 Bg7 6. c4 0-0 7. Nc3 Nc6 8. d5 Ne5 9. Qb3 Nfd7 10. Nxe5 Bxe5 11. f4 Bg7 12. Be3 b6 13. Nb5 Nc5 14. Qc2 a5 15. Bd4 Bd7 16. Bxg7 Kxg7 17. Nd4 Qe8 18. Rfe1 Qf7 19. e3 Rae8 20. b3 e5 21. dxe6 Nxe6 22. Nxe6+ Bxe6 23. e4 fxe4 24. Qc3+ Qf6 25. Qxf6+ Kxf6 26. Bxe4 Re7 27. Kf2 g5 28. Bc6 gxf4 29. gxf4 Rg7 30. Rg1 Rfg8 31. Rg3 Rg4 32. Kf3 h5 33. Rag1 Rh8 34. Be4 Rh6 35. R1g2 a4 36. Ke3 Bf5 37. Kf3 a3 38. Bxf5 Kxf5 39. Rxg4 hxg4+ 40. Rxg4 Rxh2 41. Rg5+ Kf6 42. Rg2 Rh1 43. Ke4 c6 44. Rd2 Re1+ 45. Kf3 Kf5 46. Rxd6 Rb1 47. c5 bxc5 48. Rxc6 Rb2 49. Rxc5+ Kf6 50. Ke4 Rxa2 51. Rc6+ Kf7 52. Ra6 Ra1 53. Kf5 a2 54. Ra7+ Kg8 55. Kf6 Rb1 56. Ra8+ Kh7 57. Rxa2 Rxb3 58. Re2 Rb8 59. Kf7 Rb7+ 60. Re7 Rb5 61. Kf6+ Kg8 62. Re8+ Kh7 63. f5 Ra5 64. Re5 Ra8 65. Kf7 Rb8 66. Re7 Ra8 67. Rb7 Rc8 68. Kf6+ Kh6 69. Re7 Ra8 70. Kf7 Rb8 71. f6 Kh7 72. Ra7 Rc8 73. Re7 Ra8 74. Rd7 Rb8 75. Ke6+ Kg8 76. Ke7 Ra8 77. Ke6 Kf8 78. Rf7+ Kg8 79. Rb7 Kf8 80. Rb6 Re8+ 81. Kf5 Re1 82. Rb8+ 1/2-1/2

[Event "POL-chT 2nd League"]
[Site "Sypniewo"]
[Date "2021.09.12"]
[Round "9.5"]
[White "Maciaga, Marcin"]
[Black "Chalupnik, Marcin"]
[Result "1-0"]
[WhiteElo "2116"]
[BlackElo "2174"]
[PlyCount "71"]
[EventDate "2021.09.04"]
[EventType "team-swiss"]
[EventRounds "9"]
[EventCountry "POL"]
[SourceTitle "CBM 204 Extra"]
[Source "ChessBase"]
[SourceDate "2021.11.30"]
[SourceVersion "1"]
[SourceVersionDate "2021.11.30"]
[SourceQuality "1"]
[WhiteTeam "Zielonka Zieloni"]
[BlackTeam "Warszawa YMCA"]
[WhiteTeamCountry "POL"]
[BlackTeamCountry "POL"]

1. g3 Nf6 2. c4 g6 3. Bg2 Bg7 4. Nc3 0-0 5. Nf3 d6 6. 0-0 e5 7. d4 Nc6 8. d5 Ne7 9. e4 Nd7 10. Be3 h6 11. Ne1 f5 12. Qd2 Kh7 13. Nd3 Nf6 14. f3 g5 15. Kh1 f4 16. Bf2 Ng6 17. c5 h5 18. cxd6 cxd6 19. Rac1 g4 20. Nb5 fxg3 21. hxg3 h4 22. gxh4 Bh6 23. Rc7+ Nd7 24. Qc2 Nxh4 25. fxg4 Nxg2 26. Kxg2 Rg8 27. Rh1 Rxg4+ 28. Kf1 Rg6 29. Be3 Qf8+ 30. Nf2 a6 31. Na7 Qf3 32. Bxh6 Rxh6 33. Rxh6+ Kxh6 34. Nxc8 Nf6 35. Qe2 Qg3 36. Nxd6 1-0

[Event "POL-chT 2nd League"]
[Site "Poronin"]
[Date "2020.09.11"]
[Round "7.10"]
[White "Gosciniak, Maria"]
[Black "Maciaga, Marcin"]
[Result "1/2-1/2"]
[WhiteElo "2094"]
[BlackElo "2107"]
[PlyCount "250"]
[EventDate "2020.09.05"]
[EventType "team-swiss"]
[EventRounds "9"]
[EventCountry "POL"]
[SourceTitle "CBM 198 Extra"]
[Source "ChessBase"]
[SourceDate "2020.11.30"]
[SourceVersion "1"]
[SourceVersionDate "2020.11.30"]
[SourceQuality "1"]
[WhiteTeam "Grzybowo GKSz Solny"]
[BlackTeam "Zielonka Zieloni"]
[WhiteTeamCountry "POL"]
[BlackTeamCountry "POL"]

1. e4 c5 2. Nf3 d6 3. c4 Nc6 4. d4 Bg4 5. d5 Nd4 6. Be2 Bxf3 7. Bxf3 g6 8. 0-0 Bg7 9. Nc3 Nf6 10. Be3 Nd7 11. Be2 0-0 12. f4 a6 13. Kh1 b5 14. cxb5 axb5 15. Bxd4 cxd4 16. Nxb5 d3 17. Bxd3 Bxb2 18. Rb1 Bg7 19. Bc4 Qa5 20. Qe2 Rfc8 21. e5 dxe5 22. d6 Rxc4 23. Qxc4 exd6 24. Nxd6 Qxa2 25. Qc7 Ra7 26. Qc8+ Nf8 27. fxe5 Bxe5 28. Ne4 Kg7 29. Rbe1 Qd5 30. Nc3 Qd3 31. Rf3 Qd2 32. Ref1 Ne6 33. Qe8 Kh6 34. Ne4 Qe2 35. Rxf7 Rxf7 36. Qxf7 Qxe4 37. Qxe6 Qe2 38. Qf7 Qe4 39. Qe7 Qe2 40. Qf8+ Kg5 41. Qe7+ Kh6 42. Qh4+ Qh5 43. Qxh5+ Kxh5 44. Rf7 h6 45. g3 Kg5 46. Kg2 h5 47. h3 Bd6 48. Kf3 Be5 49. Rb7 Kf5 50. Rb5 Kf6 51. Rb6+ Kf5 52. Ra6 Bc7 53. Rc6 Be5 54. Rc5 Kf6 55. g4 hxg4+ 56. Kxg4 Bd4 57. Rc6+ Kf7 58. Kf4 Kg7 59. Ke4 Bf2 60. Ke5 Kh6 61. Kf6 Kh5 62. Rc4 Be1 63. Rg4 Bc3+ 64. Kf7 Bd2 65. Ke6 Bc1 66. Ke5 Bb2+ 67. Kf4 Bc1+ 68. Kg3 Bd2 69. Rh4+ Kg5 70. Re4 Kf5 71. Re8 Bf4+ 72. Kf3 Be5 73. Rf8+ Kg5 74. Rf7 Bc3 75. Rc7 Be1 76. Rc4 Kh5 77. Re4 Bc3 78. Kg3 Bf6 79. Kf3 Bc3 80. Re7 Kg5 81. Rh7 Be1 82. Ke2 Bg3 83. Kf1 Bh4 84. Kg2 Be1 85. Kf3 Bh4 86. Re7 Kf5 87. Re4 Kg5 88. Re5+ Kf6 89. Rb5 Be1 90. Kg4 Bd2 91. Rb2 Be3 92. Re2 Bc1 93. h4 Bh6 94. Rf2+ Kg7 95. h5 gxh5+ 96. Kf5 Be3 97. Rg2+ Kf7 98. Rh2 Bb6 99. Rxh5 Ke7 100. Rh6 Bf2 101. Rh2 Bc5 102. Rc2 Kd6 103. Rd2+ Kc6 104. Ke6 Be3 105. Rc2+ Kb7 106. Kd7 Bd4 107. Rc4 Bf2 108. Rb4+ Ka8 109. Kc6 Bg1 110. Ra4+ Kb8 111. Rg4 Be3 112. Rb4+ Ka8 113. Kc7 Ba7 114. Rb1 Bd4 115. Re1 Bf2 116. Re2 Bd4 117. Re8+ Ka7 118. Re4 Bb6+ 119. Kc6 Bf2 120. Re7+ Ka8 121. Kb5 Kb8 122. Ka6 Bd4 123. Re4 Bf2 124. Rb4+ Kc7 125. Rb7+ Kd6 1/2-1/2

[Event "POL-chT 2nd League"]
[Site "Jastrzebia Gora"]
[Date "2019.09.12"]
[Round "6.13"]
[White "Hemmerling, Jaroslaw"]
[Black "Maciaga, Marcin"]
[Result "1/2-1/2"]
[WhiteElo "1910"]
[BlackElo "2118"]
[PlyCount "89"]
[EventDate "2019.09.07"]
[EventType "team-swiss"]
[EventRounds "9"]
[EventCountry "POL"]
[SourceTitle "EXT 2020"]
[Source "ChessBase"]
[SourceDate "2019.10.17"]
[SourceVersion "1"]
[SourceVersionDate "2019.10.17"]
[SourceQuality "1"]
[WhiteTeam "Lipno Steszew"]
[BlackTeam "Zielonka Zieloni"]
[WhiteTeamCountry "POL"]
[BlackTeamCountry "POL"]

1. e4 c5 2. Nf3 g6 3. d4 cxd4 4. Nxd4 Nc6 5. c4 Nf6 6. Nc3 Nxd4 7. Qxd4 d6 8. Be2 Bg7 9. Be3 0-0 10. Qd2 Qa5 11. 0-0 Be6 12. f3 Rfc8 13. b3 a6 14. Rac1 b5 15. Nd5 Qxd2 16. Bxd2 Nxd5 17. cxd5 Bd4+ 18. Kh1 Bd7 19. Rxc8+ Rxc8 20. Rc1 Rxc1+ 21. Bxc1 a5 22. g4 b4 23. Kg2 f5 24. h3 Kf7 25. Bg5 Bb6 26. Kg3 e5 27. Kg2 f4 28. Bc4 Ke8 29. Kf1 Bd8 30. h4 h6 31. Bxh6 Bxh4 32. Kg2 Be7 33. g5 Kd8 34. Kf2 Kc7 35. Ke2 Kb6 36. Kd3 Bc8 37. Kd2 Kc5 38. Kd3 Bb7 39. Kd2 a4 40. Ke2 a3 41. Kd2 Bc8 42. Bf1 Bd7 43. Kc2 Kd4 44. Kd2 Bc8 45. Bb5 1/2-1/2

[Event "POL-chT 2nd League"]
[Site "Jastrzebia Gora"]
[Date "2019.09.11"]
[Round "5.18"]
[White "Maciaga, Marcin"]
[Black "Walaszczyk, Witold"]
[Result "1-0"]
[WhiteElo "2118"]
[BlackElo "2075"]
[PlyCount "81"]
[EventDate "2019.09.07"]
[EventType "team-swiss"]
[EventRounds "9"]
[EventCountry "POL"]
[SourceTitle "EXT 2020"]
[Source "ChessBase"]
[SourceDate "2019.10.17"]
[SourceVersion "1"]
[SourceVersionDate "2019.10.17"]
[SourceQuality "1"]
[WhiteTeam "Zielonka Zieloni"]
[BlackTeam "Konin Hetman"]
[WhiteTeamCountry "POL"]
[BlackTeamCountry "POL"]

1. g3 d5 2. d4 Nf6 3. c4 c6 4. Nf3 e6 5. Bg2 Be7 6. 0-0 b5 7. c5 0-0 8. Qc2 Nbd7 9. a4 Ba6 10. axb5 Bxb5 11. Nc3 a6 12. Bf4 Nh5 13. Bd2 Qc7 14. Ra3 e5 15. Rfa1 Rfb8 16. Nxb5 Rxb5 17. b4 e4 18. Ne1 f5 19. Rxa6 Rf8 20. e3 g5 21. Qa2 f4 22. Ra7 Qd8 23. Bxe4 Ndf6 24. Bg2 fxg3 25. hxg3 Ng4 26. Ra8 Rb8 27. Rxb8 Qxb8 28. Qa7 Qxa7 29. Rxa7 Rxf2 30. Bf3 Rxd2 31. Bxg4 Nf6 32. Be6+ Kf8 33. b5 cxb5 34. c6 Bd6 35. Rf7+ Ke8 36. Rxf6 Ke7 37. Rh6 Re2 38. Bxd5 Rxe1+ 39. Kf2 Bb4 40. c7 Rc1 41. Rc6 1-0

[Event "Warsaw-chA 67th"]
[Site "Warsaw"]
[Date "2018.11.18"]
[Round "8"]
[White "Maciaga, Marcin"]
[Black "Liberadzki, Slawomir"]
[Result "1-0"]
[WhiteElo "2164"]
[BlackElo "1959"]
[PlyCount "61"]
[EventDate "2018.11.12"]
[EventType "swiss"]
[EventRounds "9"]
[EventCountry "POL"]
[SourceTitle "CBM 187 Extra"]
[Source "ChessBase"]
[SourceDate "2018.11.04"]
[SourceVersion "1"]
[SourceVersionDate "2018.11.04"]
[SourceQuality "1"]

1. c4 e5 2. Nc3 Nc6 3. Nf3 Nf6 4. g3 g6 5. Bg2 Bg7 6. 0-0 0-0 7. d3 d6 8. Rb1 Be6 9. b4 Qc8 10. b5 Nd8 11. Re1 Bh3 12. Bh1 Ne6 13. a4 Ng4 14. Nd5 Qd7 15. a5 f5 16. b6 axb6 17. axb6 f4 18. bxc7 fxg3 19. hxg3 Qf7 20. Rxb7 Rac8 21. Ba3 Nc5 22. Bxc5 dxc5 23. Bg2 Bxg2 24. Kxg2 g5 25. Rf1 h6 26. Qb3 e4 27. dxe4 Bd4 28. Rb8 Nxf2 29. Rxc8 Qh5 30. Rxf8+ Kg7 31. c8Q 1-0

[Event "Warsaw-chA 67th"]
[Site "Warsaw"]
[Date "2018.11.17"]
[Round "6"]
[White "Maciaga, Marcin"]
[Black "Golecki, Jan"]
[Result "1-0"]
[WhiteElo "2164"]
[BlackElo "2029"]
[PlyCount "87"]
[EventDate "2018.11.12"]
[EventType "swiss"]
[EventRounds "9"]
[EventCountry "POL"]
[SourceTitle "CBM 187 Extra"]
[Source "ChessBase"]
[SourceDate "2018.11.04"]
[SourceVersion "1"]
[SourceVersionDate "2018.11.04"]
[SourceQuality "1"]

1. c4 e6 2. g3 d5 3. Bg2 Nf6 4. Nf3 d4 5. 0-0 c5 6. e3 Nc6 7. exd4 cxd4 8. d3 Bd6 9. Bg5 0-0 10. Nbd2 Re8 11. a3 a5 12. Qc2 a4 13. Rfe1 e5 14. c5 Bf8 15. Nc4 h6 16. Bxf6 Qxf6 17. Nb6 Ra5 18. Nxa4 Bf5 19. b4 Bxd3 20. Qxd3 Rxa4 21. Nd2 Rea8 22. Bxc6 Qxc6 23. Nc4 Qb5 24. Qb3 Bxc5 25. Nxe5 Bxb4 26. Rab1 d3 27. Qxf7+ Kh7 28. Qf5+ Kg8 29. axb4 d2 30. Red1 Rxb4 31. Rxb4 Qxb4 32. Qd3 Re8 33. f4 Qb6+ 34. Kg2 Rd8 35. Qc4+ Kh7 36. Qc2+ Kg8 37. Rxd2 Rxd2+ 38. Qxd2 Qc5 39. Qd8+ Kh7 40. Qd3+ Kh8 41. Ng6+ Kg8 42. Qd8+ Kf7 43. Ne5+ Ke6 44. Qd7+ 1-0

[Event "Lutsk Nebesna Sotnya Memorial rap"]
[Site "Lutsk"]
[Date "2018.02.18"]
[Round "11"]
[White "Razin, Vadim"]
[Black "Maciaga, Marcin"]
[Result "1-0"]
[WhiteElo "2379"]
[BlackElo "2105"]
[PlyCount "71"]
[EventDate "2018.02.17"]
[EventType "swiss (rapid)"]
[EventRounds "11"]
[EventCountry "UKR"]
[SourceTitle "CBM 182 Extra"]
[Source "ChessBase"]
[SourceDate "2018.02.23"]
[SourceVersion "1"]
[SourceVersionDate "2018.02.23"]
[SourceQuality "1"]

1. d4 Nf6 2. Nf3 g6 3. Bg5 Bg7 4. Nbd2 d5 5. e3 0-0 6. Bd3 b6 7. 0-0 Ba6 8. Bxa6 Nxa6 9. c4 Ne4 10. Qa4 Nxg5 11. Nxg5 e6 12. Nxf7 Rxf7 13. Qxa6 c5 14. dxc5 Bxb2 15. Rad1 Be5 16. f4 Bc7 17. Nf3 Qe7 18. Qa3 dxc4 19. Qb4 Rf5 20. Qxc4 Rxc5 21. Qe4 Rf8 22. Rf2 b5 23. Rfd2 Rc4 24. Rd4 Bb6 25. Rxc4 bxc4 26. h4 c3 27. Rc1 Qc5 28. Qxe6+ Kg7 29. Nd4 Rf6 30. Qe4 Qa3 31. Rc2 h5 32. Qe5 Kf7 33. Qd5+ Kg7 34. Ne6+ Kh6 35. Qg5+ Kh7 36. Qxf6 1-0

[Event "POL-chT 2nd League"]
[Site "Szklarska Poreba"]
[Date "2017.09.08"]
[Round "7.5"]
[White "Maciaga, Marcin"]
[Black "Augustyn, Sebastian"]
[Result "1-0"]
[WhiteElo "2090"]
[BlackElo "2144"]
[PlyCount "119"]
[EventDate "2017.09.02"]
[EventType "team-swiss"]
[EventRounds "9"]
[EventCountry "POL"]
[SourceTitle "CBM 180 Extra"]
[Source "ChessBase"]
[SourceDate "2017.10.06"]
[SourceVersion "1"]
[SourceVersionDate "2017.10.06"]
[SourceQuality "1"]
[WhiteTeam "Zielonka Zieloni"]
[BlackTeam "Pilzno GKSz Hetman"]
[WhiteTeamCountry "POL"]
[BlackTeamCountry "POL"]

1. g3 c5 2. Bg2 Nc6 3. c4 g6 4. Nf3 Bg7 5. Nc3 e5 6. d3 Nge7 7. Bg5 0-0 8. 0-0 h6 9. Bxe7 Nxe7 10. Nd2 Rb8 11. Qa4 a6 12. Rab1 d6 13. b4 Bd7 14. Qa3 cxb4 15. Rxb4 Bc6 16. Rfb1 d5 17. cxd5 Nxd5 18. Nxd5 Bxd5 19. Bxd5 Qxd5 20. e4 Qd7 21. Nc4 f5 22. Nb6 Qd8 23. Nd5 Qd7 24. Qb3 Rf7 25. Rc1 b5 26. Rc7 Qe8 27. a4 fxe4 28. dxe4 Kh7 29. axb5 axb5 30. Rxf7 Qxf7 31. Rxb5 Rf8 32. Qe3 h5 33. Ra5 Qe6 34. h4 Rf7 35. Ra7 Rd7 36. Kg2 Qf7 37. Rxd7 Qxd7 38. Qb6 Qa4 39. Kf3 Qd1+ 40. Kg2 Qa4 41. Qe3 Qc4 42. Qf3 Qa4 43. Kh2 Qa7 44. Ne3 Bh6 45. Nc4 Bg7 46. Nd6 Qe7 47. Qd3 Qf6 48. Kg2 Bf8 49. Nc4 Bg7 50. Qd7 g5 51. Nd6 gxh4 52. Ne8 Qg6 53. Qxg7+ Qxg7 54. Nxg7 Kxg7 55. gxh4 Kf6 56. Kf3 Ke6 57. Ke3 Kd6 58. f4 exf4+ 59. Kxf4 Ke6 60. Kg5 1-0

[Event "POL-chT 2nd League"]
[Site "Jastrzebia Gora"]
[Date "2016.09.10"]
[Round "8.33"]
[White "Maciaga, Marcin"]
[Black "Praczukowski, Stanislaw"]
[Result "0-1"]
[WhiteElo "2120"]
[BlackElo "2100"]
[PlyCount "62"]
[EventDate "2016.09.03"]
[EventType "team-swiss"]
[EventRounds "9"]
[EventCountry "POL"]
[SourceTitle "EXT 2017"]
[Source "ChessBase"]
[SourceDate "2016.10.25"]
[SourceVersion "1"]
[SourceVersionDate "2016.10.25"]
[SourceQuality "1"]
[WhiteTeam "Zielonka Zieloni"]
[BlackTeam "Chylice KS Laura"]
[WhiteTeamCountry "POL"]
[BlackTeamCountry "POL"]

1. g3 e5 2. c4 Nc6 3. Bg2 g6 4. Nc3 Bg7 5. d3 d6 6. Nf3 f5 7. 0-0 Nf6 8. Bd2 0-0 9. Nd5 f4 10. Bc3 Nxd5 11. cxd5 Ne7 12. Qb3 Nf5 13. Rac1 g5 14. Ba5 b6 15. Bc3 Kh8 16. a4 g4 17. Nd2 Bh6 18. Qc4 f3 19. exf3 Bxd2 20. Bxd2 gxf3 21. Bxf3 Nd4 22. Bd1 Bh3 23. Qxc7 Qf6 24. f4 Bxf1 25. Kxf1 Qf5 26. Rc3 exf4 27. Bxf4 Qh3+ 28. Ke1 Rxf4 29. Kd2 Rf1 30. Rc4 Qh6+ 31. Kc3 Rxd1 0-1